| 000 | 01213nam a22003497a 4500 | ||
|---|---|---|---|
| 003 | CHAP | ||
| 005 | 20220329140458.0 | ||
| 008 | 971013s1979 r 00010 d | ||
| 010 | _a52560 | ||
| 011 | _a53532 | ||
| 035 | _a57682 | ||
| 040 | _cCHAP | ||
| 082 |
_a330.18 _bW6 1979 |
||
| 100 | 0 | 0 |
_aWonnacott, Ronald J. _9122498 |
| 245 | _aEconometrics | ||
| 250 | _a2 ed. | ||
| 260 |
_aNew York : _bWiley, _c1979 |
||
| 300 |
_a580 p. _b: ilus. ; gráfs. |
||
| 490 | _aWiley series in probability and mathematical statistics | ||
| 590 |
_aBATCH-UPD _b10 _c20130110 _lUCH01 _h0730 |
||
| 590 |
_aBATCH-UPD _b10 _c20130410 _lUCH01 _h0413 |
||
| 590 |
_aBATCH-UPD _b10 _c20130914 _lUCH01 _h1257 |
||
| 590 |
_aCONVERSION _b10 _c20130109 _lUCH01 _h1328 |
||
| 650 | 1 | 4 |
_aEconometría. _935201 |
| 700 | 0 |
_aWonnacott, Thomas H. _9122499 |
|
| 830 | 0 |
_aWiley series in probability and mathematical statistics _9121943 |
|
| 901 | _aBK | ||
| 942 | _cLIBRO | ||
| 949 |
_a330.18 W6 1979 _bBC _cLIBRO _d-125414 _eLIBRO _h53546 _i57682 _si _t600.00 |
||
| 949 |
_a330.18 W6 1979 _bBC _cLIBRO _d33724000316907 _eLIBRO _fc.2 _h55863 _i57682 _si _t600.00 |
||
| 949 |
_a330.18 W6 1979 _bBC _cLIBRO _d33724000316915 _eLIBRO _fc.3 _h55864 _i57682 _si _t600.00 |
||
| 999 |
_c52560 _d52560 |
||